| 000 | 00334nam a2200109Ia 4500 | ||
|---|---|---|---|
| 008 | 171211s9999 xx 000 0 und d | ||
| 245 | _aDrawing Cutting Edge Anatomy: The Ultimate Reference for Comic Book Artists | ||
| 245 | _cDennis Dorn | ||
| 260 | _c2004 | ||
| 650 | _xDesign | ||
| 856 | _uhttp://down.ebook777.com/061/0823023982.pdf | ||
| 999 |
_c347941 _d347941 |
||